00488nam a2200193 a 4500001001300000003000900013005001700022008004100039020001000080082001600090100001500106245002600121260003400147300000800181500003500189505002400224650003100248700001500279nice12345678IN_TiNIC20260116012641.0050524s0000 guna grp 000 0 eng  ac10000a235.47bDEV aDevadas, M aLines to Resist Satan aGuntur bAlvin Fishman c0000 a76p aincludes index and biblioraphy2 aIndex, Bibliography aGood and Evil-Christianity1 aDevadas, M